Le chemin retrouvé : (Record no. 157567)

MARC details
000 -LEADER
campo de control de longitud fija 00953nam a2200241 i 4500
001 - NÚMERO DE CONTROL
campo de control 157567
003 - IDENTIFICADOR DE NÚMERO DE CONTROL
campo de control ES-MaACL
005 - FECHA Y HORA DE LA ÚLTIMA TRANSACCIÓN
campo de control 20250824052157.0
008 - DATOS DE LONGITUD FIJA--INFORMACIÓN GENERAL
campo de control de longitud fija 040901e1868 sp |||| | spa d
040 ## - FUENTE DE CATALOGACIÓN
Centro catalogador/agencia de origen CAM
Lengua de catalogación spa
Centro/agencia transcriptor CAM
100 1# - ENTRADA PRINCIPAL--NOMBRE DE PERSONA
Nombre de persona Leroy, Louis,
9 (RLIN) 128898
Término indicativo de función/relación Autor
Fechas asociadas al nombre 1812-1885
245 13 - MENCIÓN DEL TÍTULO
Título Le chemin retrouvé :
Resto del título comédie en quatre actes /
Mención de responsabilidad, etc. de Louis Leroy et Regnier.
260 ## - PUBLICACIÓN, DISTRIBUCIÓN, ETC.
Lugar de publicación, distribución, etc. Paris :
Nombre del editor, distribuidor, etc. Librairie Internationale :
-- A. Lacroix, Verboeckhoven & Cie,
Fecha de publicación, distribución, etc. 1868
Fabricante (Imp. L. Poupart-Davyl)
300 ## - DESCRIPCIÓN FÍSICA
Extensión 162 p. ;
Dimensiones 18 cm.
490 1# - MENCIÓN DE SERIE
Mención de serie Nouvelle bibliothèque dramatique
655 #0 - TERMINO DE INDIZACIÓN--GENERO/FORMA
Datos o término principal de género/forma Teatro
9 (RLIN) 234794
700 1# - ENTRADA AGREGADA--NOMBRE PERSONAL
Nombre de persona Régnier de La Brière, François,
Fechas asociadas al nombre 1807-1885
Término indicativo de función/relación Autor
9 (RLIN) 241267
830 #0 - PUNTO DE ACCESO ADICIONAL DE SERIE-TÍTULO UNIFORME
Título uniforme Nouvelle bibliothèque dramatique
9 (RLIN) 221801
852 ## - LOCALIZACIÓN
Ubicación ES-MaACL
Ubicación en estantería Depósito folletos
Donativo/Legado Donativo Haes
Número de control de estantería T-217-F-7
Encuadernación En lomo: Haes
-- Enc. en un vol. facticio
-- Holandesa
942 ## - ELEMENTOS DE ENTRADA SECUNDARIOS (KOHA)
Tipo de ítem Koha Folleto
Suprimir en OPAC No
Holdings
Estatus retirado Estado de pérdida Fuente del sistema de clasificación o colocación Estado de daño No para préstamo Colección Biblioteca de origen Biblioteca actual Ubicación en estantería Fecha de adquisición Fuente de adquisición Total de préstamos Signatura topográfica completa Código de barras Visto por última vez Tipo de ítem Koha
    Clasificación decimal universal     Colección de folletos Biblioteca del Ateneo de Madrid Biblioteca del Ateneo de Madrid Depósito folletos 17/01/2008 Donación   T-217-F-7 1164888 23/02/2023 Folleto